[Event "XIII - WC Individual Men"]
[Site "Malente GER"]
[Date "2004.07.29"]
[Round "6.11"]
[White "Schmid J. (CZE)"]
[Black "Gründer M. (GER)"]
[Result "1/2-1/2"]
[WhiteElo "2083"]
[BlackElo "1805"]
[PlyCount "48"]
[EventDate "2004.??.??"]
[EventType "swiss"]
[EventRounds "11"]
[EventCountry "GER"]

1. e4 g6 2. d4 Bg7 3. Nf3 d6 4. Nc3 c6 5. Be3 b5 6. a3 Nf6 7. h3 a6 8. Be2 O-O
9. Qd2 Nbd7 10. Bh6 Bb7 11. Bxg7 Kxg7 12. O-O c5 13. e5 Ne8 14. exd6 exd6 15.
dxc5 dxc5 16. Rad1 Nef6 17. Qf4 Qb8 18. Qh4 Ne5 19. Nxe5 Qxe5 20. Rd3 Rad8 21.
Rfd1 Qc7 22. Qg5 Rxd3 23. Rxd3 Re8 24. Qd2 Re7 1/2-1/2

[Event "XIII - WC Individual Men"]
[Site "Malente GER"]
[Date "2004.07.29"]
[Round "6.11"]
[White "Màtè B. (HUN)"]
[Black "Pushkarev G.P. (KAZ)"]
[Result "1/2-1/2"]
[WhiteElo "2182"]
[BlackElo "1805"]
[PlyCount "84"]
[EventDate "2004.??.??"]
[EventType "swiss"]
[EventRounds "11"]
[EventCountry "GER"]

1. d4 Nf6 2. c4 g6 3. Nc3 Bg7 4. e4 d6 5. Bd3 Nc6 6. Nge2 e5 7. d5 Ne7 8. f3 c6
9. Be3 cxd5 10. cxd5 O-O 11. Rc1 Ne8 12. O-O f5 13. Qb3 f4 14. Bf2 g5 15. Nb5
b6 16. a4 a6 17. Na3 Rb8 18. Nc4 b5 19. axb5 axb5 20. Na3 Bd7 21. Qb4 Rf6 22.
Rc2 Ng6 23. Rfc1 g4 24. Bxb5 h5 25. Qa4 Bxb5 26. Nxb5 Rf7 27. Na7 Qd7 28. Qxd7
Rxd7 29. Nc6 Rb3 30. Nc3 Bf6 31. Ra1 Kf7 32. Ra3 Rdb7 33. Rxb3 Rxb3 34. Kf1 Bh4
35. Bg1 Bg5 36. Ke2 Nh4 37. Kf2 Nf6 38. Na5 Rb4 39. Nc6 Rb3 40. Na5 Rb4 41. Nc6
Rb3 42. Na5 Rb4 1/2-1/2

[Event "XIII - WC Individual Men"]
[Site "Malente GER"]
[Date "2004.07.29"]
[Round "6.11"]
[White "Stoklasa J. (CZE)"]
[Black "Guy D. (WLS)"]
[Result "1-0"]
[WhiteElo "1805"]
[BlackElo "2010"]
[PlyCount "91"]
[EventDate "2004.??.??"]
[EventType "swiss"]
[EventRounds "11"]
[EventCountry "GER"]

1. e4 c5 2. Nf3 d6 3. d4 cxd4 4. Nxd4 Nf6 5. Nc3 g6 6. Be3 Bg7 7. f3 O-O 8. Qd2
Nc6 9. h4 d5 10. Nxc6 bxc6 11. O-O-O Bb7 12. Bh6 dxe4 13. Bxg7 Kxg7 14. Qg5 Qc7
15. fxe4 Rfd8 16. e5 Rxd1+ 17. Nxd1 Nd5 18. c4 Nb4 19. a3 Na6 20. Ne3 Bc8 21.
Qf4 h5 22. Be2 Be6 23. Rf1 Nc5 24. g4 hxg4 25. Nxg4 Rh8 26. Nf2 Bf5 27. Nd3 Ne6
28. Qf2 c5 29. Bg4 Nd4 30. h5 e6 31. Bxf5 exf5 32. hxg6 fxg6 33. Qg2 a5 34. Qg5
Nb3+ 35. Kc2 Nd4+ 36. Kb1 Rh5 37. Qf6+ Kh7 38. Nf4 Rh6 39. e6 Qc6 40. Qf7+ Kh8
41. Nxg6+ Rxg6 42. Qxg6 Qe4+ 43. Ka2 Ne2 44. Qf6+ Kg8 45. Qf7+ Kh8 46. e7 1-0

[Event "XIII - WC Individual Men"]
[Site "Malente GER"]
[Date "2004.07.29"]
[Round "6.11"]
[White "Bairamov A. (TKM)"]
[Black "Tikhonov A. (RUS)"]
[Result "0-1"]
[WhiteElo "1805"]
[BlackElo "1910"]
[PlyCount "68"]
[EventDate "2004.??.??"]
[EventType "swiss"]
[EventRounds "11"]
[EventCountry "GER"]

1. d4 Nf6 2. Bg5 c6 3. e3 Qa5+ 4. Nc3 Qxg5 5. Nf3 Qa5 6. Bd3 d5 7. Ne5 Nbd7 8.
f4 e6 9. O-O c5 10. Be2 cxd4 11. exd4 Bb4 12. Rf3 Bxc3 13. Rxc3 Ne4 14. Rh3 O-O
15. c3 Nxe5 16. fxe5 Bd7 17. Bd3 g6 18. Qg4 f5 19. Qh4 Rf7 20. Kh1 Qb6 21. Rb1
Raf8 22. Qf4 Bb5 23. Bc2 g5 24. Qe3 g4 25. Rh4 Rg7 26. Bxe4 dxe4 27. Rd1 f4 28.
Qxe4 Bc6 29. Qc2 f3 30. Kg1 fxg2 31. Rh6 Rgf7 32. Rf6 Rxf6 33. exf6 Rxf6 34.
Qd2 Qb5 0-1

[Event "XIII - WC Individual Men"]
[Site "Malente GER"]
[Date "2004.07.29"]
[Round "6.11"]
[White "Gardarsson H. (ISL)"]
[Black "Frajka P. (SVK) "]
[Result "1/2-1/2"]
[WhiteElo "1984"]
[BlackElo "1805"]
[PlyCount "42"]
[EventDate "2004.??.??"]
[EventType "swiss"]
[EventRounds "11"]
[EventCountry "GER"]

1. e4 c5 2. Nf3 Nc6 3. d4 cxd4 4. Nxd4 Nf6 5. Nc3 d6 6. Be3 e6 7. Be2 Be7 8.
O-O O-O 9. a3 a6 10. b4 Qc7 11. Nxc6 Qxc6 12. Qd3 Bd7 13. Bf3 Rfc8 14. e5 Qxc3
15. exf6 Qxd3 16. cxd3 Bxf6 17. Bxb7 Bxa1 18. Rxa1 Rab8 19. Bxc8 Rxc8 20. d4
Rc3 21. h4 d5 1/2-1/2

[Event "XIII - WC Individual Men"]
[Site "Malente GER"]
[Date "2004.07.29"]
[Round "6.11"]
[White "Wagner P. (SUI)"]
[Black "Peshev T. (BUL)"]
[Result "0-1"]
[WhiteElo "1810"]
[BlackElo "1840"]
[PlyCount "144"]
[EventDate "2004.??.??"]
[EventType "swiss"]
[EventRounds "11"]
[EventCountry "GER"]

1. e4 c5 2. Nf3 Nc6 3. d4 cxd4 4. Nxd4 d6 5. Nc3 Nf6 6. Bc4 g6 7. f3 Bg7 8. Be3
Bd7 9. Qd2 a6 10. O-O-O b5 11. Bb3 Na5 12. Kb1 Rb8 13. h4 h5 14. Nd5 Nxb3 15.
Nxf6+ Bxf6 16. cxb3 b4 17. Bg5 Bg7 18. Nc2 a5 19. Ne3 a4 20. bxa4 Bxa4 21. Rc1
Qa5 22. Qd5 Qa7 23. b3 Bd7 24. Nc4 Be6 25. Qd3 O-O 26. Be3 Qa6 27. Bd4 Ra8 28.
Rc2 Rfc8 29. Bxg7 Kxg7 30. Rd1 Bxc4 31. bxc4 Rc5 32. Qb3 Rac8 33. Qxb4 R8c7 34.
Qb2+ f6 35. Ka1 Rxc4 36. Rxc4 Qxc4 37. Kb1 Rc5 38. Qd2 Qb5+ 39. Qb2 Qa6 40. Ka1
Qa4 41. Qb3 Qa6 42. Rb1 Ra5 43. Rc1 Rb5 44. Qc4 Qb6 45. Qc2 Qd4+ 46. Qc3 Qf2
47. Qc2 Qxh4 48. Qc7 Re5 49. Rc2 Qe1+ 50. Rc1 Qf2 51. Qc2 Qg3 52. Qb2 Kh6 53.
a3 Rg5 54. Rc2 h4 55. Qb3 Qe5+ 56. Ka2 f5 57. exf5 Rxf5 58. Qd3 Rf4 59. Re2 Qf6
60. Qe3 e5 61. Rf2 g5 62. Rd2 h3 63. Qb6 Qf7+ 64. Kb2 hxg2 65. Rxd6+ Kg7 66.
Rd2 Rxf3 67. Rxg2 Qe7 68. Qa6 e4 69. Qa5 Qf6+ 70. Ka2 Kg6 71. Qc5 Qe6+ 72. Kb2
Qb3+ 0-1

[Event "XIII - WC Individual Men"]
[Site "Malente GER"]
[Date "2004.07.29"]
[Round "6.11"]
[White "Kluss E. (LAT)"]
[Black "Carmichael I. (SCO)"]
[Result "1-0"]
[WhiteElo "1805"]
[BlackElo "1805"]
[PlyCount "83"]
[EventDate "2004.??.??"]
[EventType "swiss"]
[EventRounds "11"]
[EventCountry "GER"]

1. d4 f5 2. c4 g6 3. Nc3 Nf6 4. Nf3 Bg7 5. e3 d6 6. Be2 c6 7. O-O O-O 8. Qc2
Qc7 9. b3 e6 10. Ba3 Re8 11. Rac1 d5 12. cxd5 exd5 13. Rfe1 a6 14. h3 Ne4 15.
Nxd5 Qd8 16. Nf4 b5 17. Bd3 Ra7 18. Red1 Bh6 19. Ne2 Be6 20. Ne5 Bd5 21. Nc3
Nxc3 22. Qxc3 Qg5 23. g3 Qd8 24. Bb2 Rf8 25. Be2 Bg7 26. Re1 Qf6 27. a3 g5 28.
Qd2 Bxb3 29. Bf3 Bd5 30. Bxd5+ cxd5 31. Rc5 Qe6 32. f4 Bxe5 33. dxe5 Rd8 34.
fxg5 Nc6 35. Qc3 Ne7 36. Rc1 f4 37. g4 f3 38. Rf1 Rf8 39. Rf2 Ng6 40. Rc6 Qe7
41. Rf6 Nh4 42. e6 1-0

[Event "XIII - WC Individual Men"]
[Site "Malente GER"]
[Date "2004.07.30"]
[Round "7.11"]
[White "Salov S. (RUS)"]
[Black "Georgiev V. (BUL)"]
[Result "0-1"]
[WhiteElo "2291"]
[BlackElo "2332"]
[PlyCount "140"]
[EventDate "2004.??.??"]
[EventType "swiss"]
[EventRounds "11"]
[EventCountry "GER"]

1. e4 c5 2. Nf3 d6 3. d4 cxd4 4. Nxd4 Nf6 5. Nc3 Nc6 6. Bc4 e6 7. Be3 Be7 8.
Qe2 a6 9. O-O-O Qc7 10. Bb3 b5 11. g4 Na5 12. g5 Nxb3+ 13. axb3 Nd7 14. b4 Nb6
15. Kb1 Bd7 16. f4 O-O 17. f5 d5 18. exd5 exf5 19. Nc6 Bd6 20. Bc5 Rfe8 21. Qf2
Nc4 22. b3 Ne5 23. Nxe5 Bxe5 24. d6 Qc6 25. Nd5 a5 26. Rhe1 axb4 27. Rxe5 Rxe5
28. Ne7+ Rxe7 29. dxe7 Qa6 30. Bd4 Re8 31. Qh4 Qd6 32. Kc1 Qxe7 33. Bb2 Bc6 34.
Qf4 Qe3+ 35. Qxe3 Rxe3 36. Rd8+ Re8 37. Rd4 Re4 38. Rd8+ Re8 39. Rd4 Kf8 40.
Rxb4 Re2 41. Ba3 Ke8 42. h4 Be4 43. Kd1 Rh2 44. Bb2 Bxc2+ 45. Ke1 g6 46. Bf6
Kd7 47. Rxb5 Be4 48. Re5 Rxh4 49. Re7+ Kd6 50. Rxf7 Rh2 51. Re7 Kc5 52. Re8 Bd3
53. Re3 Be4 54. Rc3+ Kd5 55. b4 h5 56. gxh6 Rxh6 57. Bg5 Rh2 58. Be3 Ke5 59. b5
Bd5 60. b6 Rb2 61. Ra3 f4 62. Bf2 g5 63. Ra4 Rb1+ 64. Ke2 g4 65. Bd4+ Kf5 66.
Ra5 Ke4 67. Ra1 Rxa1 68. Bxa1 g3 69. Bf6 f3+ 70. Kd2 f2 0-1

[Event "XIII - WC Individual Men"]
[Site "Malente GER"]
[Date "2004.07.30"]
[Round "7.11"]
[White "Anarkulov A. (UZB)"]
[Black "Hoffmann R. (GER)"]
[Result "1/2-1/2"]
[WhiteElo "2166"]
[BlackElo "2139"]
[PlyCount "61"]
[EventDate "2004.??.??"]
[EventType "swiss"]
[EventRounds "11"]
[EventCountry "GER"]

1. e4 c5 2. Nf3 Nc6 3. Bb5 g6 4. O-O Bg7 5. c3 a6 6. Bxc6 dxc6 7. d3 Nf6 8. Be3
b6 9. Ne5 O-O 10. f4 Qc7 11. Nd2 Nd7 12. Nxd7 Bxd7 13. d4 cxd4 14. Bxd4 c5 15.
Bxg7 Kxg7 16. c4 Rad8 17. Qc2 Bc6 18. Rae1 Qd6 19. Nf3 Qxf4 20. Qc3+ f6 21. e5
Bxf3 22. Rxf3 Qd4+ 23. Qxd4 Rxd4 24. exf6+ exf6 25. Re6 Rxc4 26. Rxb6 a5 27. b3
Rc1+ 28. Rf1 Rc2 29. Rf2 Rc1+ 30. Rf1 Rc2 31. Rf2 1/2-1/2

[Event "XIII - WC Individual Men"]
[Site "Malente GER"]
[Date "2004.07.30"]
[Round "7.11"]
[White "Nauryzgaliev A. (KAZ)"]
[Black "Patackas J.P. (LTU)"]
[Result "1-0"]
[WhiteElo "2060"]
[BlackElo "1830"]
[PlyCount "69"]
[EventDate "2004.??.??"]
[EventType "swiss"]
[EventRounds "11"]
[EventCountry "GER"]

1. d4 d5 2. Nf3 Nf6 3. Bg5 e6 4. e3 Be7 5. c4 c6 6. Be2 Nbd7 7. O-O O-O 8. Nc3
h6 9. Bxf6 Bxf6 10. Qc2 dxc4 11. Bxc4 e5 12. Rad1 exd4 13. Nxd4 Qa5 14. Ne4 Be7
15. a3 Nf6 16. Ng3 c5 17. Ndf5 Bxf5 18. Nxf5 Qc7 19. Ba2 Ng4 20. f4 Kh8 21. h3
Nf6 22. e4 Ng8 23. e5 g6 24. Nd6 f5 25. Bxg8 Kxg8 26. Qc4+ Kg7 27. Rf3 Rad8 28.
Rfd3 Bxd6 29. Rxd6 Rxd6 30. Rxd6 Re8 31. Qd5 Re7 32. Rd8 Rf7 33. e6 Qxf4 34.
exf7 Qe3+ 35. Kh1 1-0

[Event "XIII - WC Individual Men"]
[Site "Malente GER"]
[Date "2004.07.30"]
[Round "7.11"]
[White "Checiak K. (POL)"]
[Black "Vujcic T. (CRO)"]
[Result "0-1"]
[WhiteElo "2117"]
[BlackElo "2128"]
[PlyCount "108"]
[EventDate "2004.??.??"]
[EventType "swiss"]
[EventRounds "11"]
[EventCountry "GER"]

1. d4 Nf6 2. c4 g6 3. Nc3 Bg7 4. e4 d6 5. Nf3 O-O 6. Be2 e5 7. O-O Nc6 8. d5
Ne7 9. b4 Ne8 10. a4 a5 11. Ba3 f5 12. bxa5 Rxa5 13. Bb4 Ra8 14. a5 Kh8 15. Qb3
Ng8 16. c5 f4 17. c6 bxc6 18. dxc6 g5 19. Kh1 g4 20. Ng1 Rf6 21. Nd5 Rh6 22. g3
f3 23. Nxf3 gxf3 24. Qxf3 Ngf6 25. Ne3 Be6 26. Rfd1 Qc8 27. a6 d5 28. exd5 e4
29. Qf4 Bxd5 30. g4 Bxc6 31. g5 Rg6 32. Ra5 Nd7 33. Rc1 Qb8 34. Bc3 Bxc3 35.
Rxc3 Qb1+ 36. Kg2 Ng7 37. Qxc7 Ne8 38. Qf4 Qb6 39. Ra1 Ng7 40. Kh1 Rf8 41. Qg3
Qb2 42. Rac1 Qxe2 43. Rxc6 Rxc6 44. Rxc6 Nh5 45. Qg1 Nf4 46. Qd1 Qxf2 47. Qd4+
Nf6 48. Qd1 Qxe3 49. Rxf6 Rc8 50. Rc6 Rxc6 51. Qd8+ Kg7 52. Qd7+ Kg6 53. Qxc6+
Kh5 54. Qh6+ Kg4 0-1

[Event "XIII - WC Individual Men"]
[Site "Malente GER"]
[Date "2004.07.30"]
[Round "7.11"]
[White "Bokros I. (HUN)"]
[Black "Gründer M. (GER)"]
[Result "1/2-1/2"]
[WhiteElo "2130"]
[BlackElo "1805"]
[PlyCount "73"]
[EventDate "2004.??.??"]
[EventType "swiss"]
[EventRounds "11"]
[EventCountry "GER"]

1. e4 g6 2. d4 Bg7 3. Nc3 c6 4. f4 d5 5. e5 h5 6. Nf3 Nh6 7. Be3 Bg4 8. Be2 Nf5
9. Bf2 e6 10. h3 Bxf3 11. Bxf3 h4 12. Bg4 Nd7 13. Qd2 Bf8 14. Na4 b5 15. Nc5
Nxc5 16. dxc5 a5 17. O-O-O Be7 18. Kb1 Kf8 19. Rdg1 Kg7 20. Bxf5 exf5 21. g4
hxg3 22. Bd4 Qf8 23. e6+ f6 24. Qe3 b4 25. Rxg3 Rh6 26. Rhg1 Kh7 27. R1g2 Re8
28. h4 Bd8 29. Qg1 Rxe6 30. Rxg6 Rxg6 31. Rxg6 Qe8 32. Rg7+ Kh8 33. Bf2 Be7 34.
Rg6 Kh7 35. Rg7+ Kh8 36. Rg6 Kh7 37. Rg7+ 1/2-1/2

[Event "XIII - WC Individual Men"]
[Site "Malente GER"]
[Date "2004.07.30"]
[Round "7.11"]
[White "Smatoc M. (ROU)"]
[Black "Schmid J. (CZE)"]
[Result "1/2-1/2"]
[WhiteElo "2090"]
[BlackElo "2083"]
[PlyCount "144"]
[EventDate "2004.??.??"]
[EventType "swiss"]
[EventRounds "11"]
[EventCountry "GER"]

1. c4 e6 2. g3 d5 3. Bg2 c6 4. Qc2 Nf6 5. b3 Nbd7 6. Bb2 b5 7. Nf3 Bb7 8. O-O
Be7 9. d3 bxc4 10. bxc4 Nb6 11. Nbd2 O-O 12. a4 a5 13. Rab1 Ba6 14. Ne5 Rc8 15.
Bc3 Nbd7 16. Nxd7 Nxd7 17. Nb3 Bb4 18. Bxb4 axb4 19. c5 Qe7 20. Qd2 Rb8 21.
Rfc1 Rfc8 22. Nd4 e5 23. Nf5 Qf6 24. Nd6 Rf8 25. Rxb4 Nxc5 26. Rxb8 Rxb8 27.
Ne4 dxe4 28. Rxc5 exd3 29. exd3 Qd8 30. Be4 Qd4 31. Qc3 Qxa4 32. Qxe5 Rf8 33.
Qc3 Bb5 34. Kg2 Qd1 35. Qd4 h6 36. Re5 Qb1 37. Re7 Qb3 38. Bf5 Qd1 39. Be4 Qb3
40. h4 Qb1 41. Rb7 Qd1 42. Qd7 Qb3 43. Qf5 g6 44. Qf6 Qe6 45. Qxe6 fxe6 46.
Bxg6 Rd8 47. Re7 Rd6 48. h5 c5 49. Rc7 Rc6 50. Rb7 Ba6 51. Rb2 c4 52. dxc4 Bxc4
53. Kf3 Ra6 54. Ke4 Ra5 55. Rb8+ Kg7 56. Rb7+ Kg8 57. Kd4 Ba2 58. Rc7 Rd5+ 59.
Ke3 Ra5 60. Rh7 Rxh5 61. Bxh5 Kxh7 62. Kf4 Kg7 63. Ke5 Bb3 64. f4 Bc4 65. Be8
Bb3 66. g4 Bd1 67. Bh5 Bb3 68. f5 exf5 69. gxf5 Ba2 70. f6+ Kf8 71. Bg6 Bb3 72.
Kf4 Bc4 1/2-1/2

[Event "XIII - WC Individual Men"]
[Site "Malente GER"]
[Date "2004.07.30"]
[Round "7.11"]
[White "Tikhonov A. (RUS)"]
[Black "Stoklasa J. (CZE)"]
[Result "1-0"]
[WhiteElo "1910"]
[BlackElo "1805"]
[PlyCount "129"]
[EventDate "2004.??.??"]
[EventType "swiss"]
[EventRounds "11"]
[EventCountry "GER"]

1. e4 e5 2. Nf3 Nc6 3. Bc4 Bc5 4. O-O Nf6 5. c3 d6 6. d4 exd4 7. cxd4 Bb6 8.
Nc3 O-O 9. h3 Nxe4 10. Nd5 h6 11. Re1 Nf6 12. Nxb6 axb6 13. d5 Ne7 14. b4 b5
15. Bb3 c6 16. dxc6 bxc6 17. Bb2 Ned5 18. Qd2 Be6 19. Nd4 Qd7 20. Rac1 Rac8 21.
Nf3 Rfd8 22. Qd4 Qc7 23. Qh4 c5 24. g4 c4 25. Bd4 Nh7 26. Bc2 Qe7 27. Qg3 Nxb4
28. Nh4 Nxc2 29. Rxc2 Qd7 30. f4 f6 31. Ng2 Re8 32. a3 Bd5 33. Ne3 Be4 34. Rcc1
d5 35. Nd1 Ra8 36. Rc3 Ra6 37. Nf2 Qd6 38. Rce3 Rea8 39. Bb2 Qc5 40. Kh2 Bg6
41. f5 Bf7 42. Qf4 b4 43. axb4 Qxb4 44. Qd4 Ra2 45. R1e2 Rb8 46. Bc3 Qd6+ 47.
Kg2 Rxe2 48. Rxe2 Rb3 49. h4 Qc7 50. Nh3 Qc6 51. Nf4 Qb6 52. Qd2 Qd6 53. Ne6
Nf8 54. Nd4 Rb7 55. g5 Bh5 56. Rf2 Qe5 57. Kh3 Qe4 58. Rg2 Kh7 59. Qf2 Rb1 60.
Kh2 Qe5+ 61. Rg3 Nd7 62. gxh6 gxh6 63. Ne6 Qe4 64. Rg2 Bf3 65. Qg3 1-0

[Event "XIII - WC Individual Men"]
[Site "Malente GER"]
[Date "2004.07.30"]
[Round "7.11"]
[White "Pushkarev G.P. (KAZ)"]
[Black "Gardner P.K. (ENG)"]
[Result "*"]
[WhiteElo "1805"]
[BlackElo "1830"]
[PlyCount "69"]
[EventDate "2004.??.??"]
[EventType "swiss"]
[EventRounds "11"]
[EventCountry "GER"]

1. d4 Nf6 2. Nc3 d5 3. Bg5 Nbd7 4. f3 c6 5. e4 dxe4 6. fxe4 Qa5 7. Qd2 e6 8.
Nf3 Bb4 9. Bd3 h6 10. Bxf6 Nxf6 11. O-O O-O 12. a3 Bxc3 13. bxc3 c5 14. Rad1
cxd4 15. cxd4 Qxd2 16. Nxd2 Bd7 17. e5 Nd5 18. Be4 Bc6 19. c4 Ne7 20. Bxc6 bxc6
21. Rb1 Rab8 22. Nf3 Rfd8 23. g4 Kf8 24. Kf2 Ke8 25. Ke3 Rb6 26. Rxb6 axb6 27.
Rb1 Ra8 28. Rxb6 Rxa3+ 29. Ke2 Ra5 30. Rb8+ Kd7 31. Rf8 c5 32. dxc5 Rxc5 33.
Kd3 Nc6 34. Rxf7+ Kd8 35. Rxg7 {(.... 1-0)} *

[Event "XIII - WC Individual Men"]
[Site "Malente GER"]
[Date "2004.07.30"]
[Round "7.11"]
[White "Simoes J.W. (POR)"]
[Black "Màtè B. (HUN)"]
[Result "1-0"]
[WhiteElo "2048"]
[BlackElo "2182"]
[PlyCount "149"]
[EventDate "2004.??.??"]
[EventType "swiss"]
[EventRounds "11"]
[EventCountry "GER"]

1. e4 c6 2. d4 d5 3. Nc3 dxe4 4. Nxe4 Bf5 5. Ng3 Bg6 6. Nf3 e6 7. Bd3 Nd7 8.
O-O Bxd3 9. Qxd3 Be7 10. Be3 Ngf6 11. Rfd1 Qc7 12. a4 O-O 13. c3 a5 14. Nf1
Rfd8 15. Qe2 Nd5 16. Bg5 Bxg5 17. Nxg5 h6 18. Nf3 Nf4 19. Qe3 Ng6 20. N1d2 Nf6
21. Nc4 Nd5 22. Qe1 Nde7 23. Nce5 Nxe5 24. Qxe5 Qb6 25. Qe2 Ng6 26. g3 Rd7 27.
Rdb1 c5 28. dxc5 Qxc5 29. Rd1 Rad8 30. Rxd7 Rxd7 31. Rd1 Rd5 32. Rxd5 Qxd5 33.
c4 Qd7 34. b3 b6 35. Qe3 Qd6 36. Kf1 Kf8 37. Ke2 Ke7 38. h4 Nf8 39. Nd4 Qc5 40.
Qc3 Nd7 41. Nc2 f6 42. Ne1 Qe5+ 43. Qxe5 Nxe5 44. Kd2 Kd6 45. Kc3 Nc6 46. Nd3
e5 47. Ne1 g6 48. Nc2 f5 49. Ne3 Ne7 50. b4 Kc6 51. Kb3 h5 52. c5 b5 53. axb5+
Kxb5 54. bxa5 Kxc5 55. a6 Nc6 56. Kc3 Kb6 57. Kc4 Kxa6 58. Kd5 Kb5 59. Ke6 f4
60. gxf4 exf4 61. Ng2 f3 62. Ne1 Nd4+ 63. Kf6 Kc4 64. Kxg6 Kc3 65. Kxh5 Kd2 66.
Nxf3+ Nxf3 67. Kg4 Ke2 68. h5 Kxf2 69. h6 Ne5+ 70. Kf5 Nf7 71. h7 Kf3 72. Kf6
Nh8 73. Kg7 Kf4 74. Kxh8 Kf5 75. Kg7 1-0

[Event "XIII - WC Individual Men"]
[Site "Malente GER"]
[Date "2004.07.30"]
[Round "7.11"]
[White "Peshev T. (BUL)"]
[Black "Gardarsson H. (ISL)"]
[Result "1-0"]
[WhiteElo "1840"]
[BlackElo "1984"]
[PlyCount "25"]
[EventDate "2004.??.??"]
[EventType "swiss"]
[EventRounds "11"]
[EventCountry "GER"]

1. e4 e6 2. Nf3 d5 3. exd5 exd5 4. d4 Bf5 5. Bf4 c6 6. Be2 Nf6 7. O-O Bd6 8.
Bxd6 Qxd6 9. Re1 O-O 10. Qd2 h6 11. Nc3 Nbd7 12. Bd3 Rfe8 13. Bxf5 1-0

[Event "XIII - WC Individual Men"]
[Site "Malente GER"]
[Date "2004.07.30"]
[Round "7.11"]
[White "Guy D. (WLS)"]
[Black "Kluss E. (LAT)"]
[Result "1-0"]
[WhiteElo "2010"]
[BlackElo "1805"]
[PlyCount "71"]
[EventDate "2004.??.??"]
[EventType "swiss"]
[EventRounds "11"]
[EventCountry "GER"]

1. e4 c5 2. Nf3 Nc6 3. d4 cxd4 4. Nxd4 d6 5. Nc3 a6 6. Be3 Nf6 7. Be2 g6 8. f3
Bg7 9. Qd2 O-O 10. O-O-O b5 11. Nxc6 Qd7 12. Nb4 Bb7 13. Nbd5 Nxd5 14. Nxd5
Rad8 15. Bh6 e6 16. Bxg7 Kxg7 17. Ne3 Qc6 18. g4 Rd7 19. g5 Ra8 20. Ng4 Rc8 21.
Bd3 Rdd8 22. h4 Qc5 23. Qf4 f5 24. gxf6+ Kf7 25. Nh6+ Ke8 26. h5 gxh5 27. Rdg1
Kd7 28. Rg5 e5 29. Qf5+ Kc7 30. Rg7+ Kb8 31. Qxh5 b4 32. Ng4 b3 33. axb3 Bc6
34. Qh2 a5 35. Qf2 Qb4 36. Qa7# 1-0

[Event "XIII - WC Individual Men"]
[Site "Malente GER"]
[Date "2004.07.30"]
[Round "7.11"]
[White "Frajka P. (SVK) "]
[Black "Bairamov A. (TKM)"]
[Result "0-1"]
[WhiteElo "1805"]
[BlackElo "1805"]
[PlyCount "80"]
[EventDate "2004.??.??"]
[EventType "swiss"]
[EventRounds "11"]
[EventCountry "GER"]

1. d4 g6 2. c4 d6 3. Nc3 Bg7 4. e4 Nf6 5. Be3 c6 6. f3 Nbd7 7. Qd2 O-O 8. Bd3
Re8 9. Nge2 e5 10. d5 cxd5 11. cxd5 a6 12. g4 Nc5 13. Ng3 Nxd3+ 14. Qxd3 Nd7
15. h4 b5 16. Qd2 f6 17. g5 Nf8 18. h5 f5 19. f4 exf4 20. Bxf4 fxe4 21. hxg6
Nxg6 22. Be3 Ne5 23. O-O-O Bg4 24. Rdf1 Bf3 25. Rh4 Ng6 26. Rh2 Rc8 27. Nf5 Be5
28. Nh6+ Kg7 29. Bd4 b4 30. Nf5+ Kg8 31. Bxe5 Rxe5 32. Nh6+ Kg7 33. Rfh1 Bxh1
34. Qf2 Bf3 35. Qa7+ Rc7 36. Qd4 bxc3 37. Nf5+ Kh8 38. b3 Qxg5+ 39. Ne3 Qg1+
40. Kc2 Qxh2+ 0-1

[Event "XIII - WC Individual Men"]
[Site "Malente GER"]
[Date "2004.07.30"]
[Round "7.11"]
[White "Carmichael I. (SCO)"]
[Black "Wagner P. (SUI)"]
[Result "1/2-1/2"]
[WhiteElo "1805"]
[BlackElo "1810"]
[PlyCount "72"]
[EventDate "2004.??.??"]
[EventType "swiss"]
[EventRounds "11"]
[EventCountry "GER"]

1. f4 d5 2. d4 Nf6 3. e3 e6 4. Bd3 Be7 5. Nf3 Nbd7 6. O-O c5 7. c3 O-O 8. Nbd2
b6 9. Ne5 Bb7 10. Qf3 Qc7 11. Qh3 Ne4 12. Nxd7 Qxd7 13. Nf3 g6 14. Ne5 Qc7 15.
Rf3 Bd6 16. Qh6 Bxe5 17. fxe5 f6 18. Bxe4 dxe4 19. Rxf6 Rxf6 20. exf6 Qf7 21.
Qg7+ Qxg7 22. fxg7 c4 23. Bd2 Kxg7 24. Rf1 Rf8 25. Be1 Rf5 26. Bg3 Kf7 27. Be5
Ke7 28. g4 Rxf1+ 29. Kxf1 Bd5 30. Kf2 Kf7 31. Kg3 g5 32. h4 h6 33. Bb8 a6 34.
Bc7 b5 35. Bd8 Kg6 36. h5+ Kg7 1/2-1/2

[Event "XIII - WC Individual Men"]
[Site "Malente GER"]
[Date "2004.07.31"]
[Round "8.11"]
[White "Kovalenko V.N. (UKR)"]
[Black "Anarkulov A. (UZB)"]
[Result "1-0"]
[WhiteElo "2263"]
[BlackElo "2166"]
[PlyCount "107"]
[EventDate "2004.??.??"]
[EventType "swiss"]
[EventRounds "11"]
[EventCountry "GER"]

1. e4 c5 2. c3 d6 3. d4 Nf6 4. Bd3 Nbd7 5. Nf3 g6 6. O-O Bg7 7. e5 dxe5 8. dxe5
Nd5 9. Qe2 e6 10. a3 Qc7 11. Re1 O-O 12. c4 Ne7 13. Nc3 a6 14. Bg5 Nc6 15. Bf4
b6 16. Rad1 Bb7 17. Bg3 Nd4 18. Nxd4 cxd4 19. Ne4 Qc6 20. f4 Nc5 21. Nd6 Rad8
22. b4 Nxd3 23. Rxd3 Rxd6 24. exd6 Qxc4 25. Bh4 Bc6 26. Rd2 Qd5 27. Be7 Ra8 28.
Rc1 Bf8 29. Qc4 Qxc4 30. Rxc4 Bd5 31. Rc7 Bxe7 32. dxe7 f5 33. Rxd4 Re8 34. Kf2
Kf7 35. Rd2 h6 36. Rdc2 g5 37. g3 g4 38. Ra7 Rxe7 39. Rcc7 Rxc7 40. Rxc7+ Kf6
41. Ra7 Bc4 42. Rb7 b5 43. Rb6 h5 44. Rxa6 Bb3 45. Ke3 h4 46. Kd4 hxg3 47. hxg3
Bd1 48. Kc5 Be2 49. a4 bxa4 50. Rxa4 e5 51. fxe5+ Kxe5 52. b5 Bf3 53. Rf4 Be4
54. Kb6 1-0

[Event "XIII - WC Individual Men"]
[Site "Malente GER"]
[Date "2004.07.31"]
[Round "8.11"]
[White "Vujcic T. (CRO)"]
[Black "Salov S. (RUS)"]
[Result "1/2-1/2"]
[WhiteElo "2128"]
[BlackElo "2291"]
[PlyCount "52"]
[EventDate "2004.??.??"]
[EventType "swiss"]
[EventRounds "11"]
[EventCountry "GER"]

1. e4 c5 2. Nf3 e6 3. d4 cxd4 4. Nxd4 a6 5. Nc3 b5 6. Bd3 Qb6 7. Nf3 Qc7 8. a3
Nc6 9. O-O d6 10. Bd2 Nf6 11. a4 b4 12. Na2 Rb8 13. c3 d5 14. exd5 Nxd5 15. Be4
bxc3 16. Nxc3 Nf6 17. Bf4 Qxf4 18. Bxc6+ Bd7 19. Bxd7+ Nxd7 20. Qe2 Be7 21.
Qxa6 O-O 22. Qa7 Rfd8 23. Qd4 Qf5 24. a5 Bf6 25. Qe4 Qxe4 26. Nxe4 Bxb2 1/2-1/2

[Event "XIII - WC Individual Men"]
[Site "Malente GER"]
[Date "2004.07.31"]
[Round "8.11"]
[White "Tikhonov A. (RUS)"]
[Black "Nauryzgaliev A. (KAZ)"]
[Result "0-1"]
[WhiteElo "1910"]
[BlackElo "2060"]
[PlyCount "72"]
[EventDate "2004.??.??"]
[EventType "swiss"]
[EventRounds "11"]
[EventCountry "GER"]

1. e4 c6 2. d4 d5 3. Nc3 dxe4 4. Nxe4 Nf6 5. Nxf6+ exf6 6. Bf4 Bd6 7. Qe2+ Be6
8. Bxd6 Qxd6 9. O-O-O O-O 10. Kb1 b5 11. Nf3 a5 12. Qe4 Re8 13. Qh4 Na6 14. Bd3
h6 15. Qh5 Nb4 16. a3 Nd5 17. Nd2 Nf4 18. Qf3 Nxd3 19. Qxd3 Qd5 20. f3 Qa2+ 21.
Kc1 Qa1+ 22. Nb1 Ba2 23. c3 Bc4 24. Qc2 Re2 25. Rd2 Rae8 26. Rhd1 a4 27. Qf5 g6
28. Qc2 Rxd2 29. Rxd2 Bb3 30. Re2 Rd8 31. Qd2 Ba2 32. Qc2 c5 33. Re4 f5 34. Re5
cxd4 35. cxd4 Rxd4 36. Rc5 Bxb1 0-1